| 000 | 00914nam a22002897a 4500 | ||
|---|---|---|---|
| 003 | CHAP | ||
| 005 | 20220817041344.0 | ||
| 008 | 971013s1971 us r 00010 eng d | ||
| 010 | _a12057 | ||
| 011 | _a13029 | ||
| 035 | _a17100 | ||
| 040 | _cCHAP | ||
| 082 | 0 | 4 |
_a799.2484 _bG4 |
| 100 | 0 | 0 |
_aGeis, Aelred D. _947405 |
| 245 | 1 | _aBlack duck distribution, harvest characteristic, and survival | |
| 260 |
_aWashington : _bBureau of Sport Fisheries and Wildlife, _c1971 |
||
| 300 |
_a241 p. _b: mapas |
||
| 490 |
_aSpecial Scientific Report-Wildlife _v; 139 |
||
| 500 | _aApénd. en 8 microtarjetas | ||
| 590 |
_aBATCH-UPD _b10 _c20130110 _lUCH01 _h2114 |
||
| 590 |
_aCONVERSION _b10 _c20130109 _lUCH01 _h1308 |
||
| 650 | 1 | 4 |
_aPatos. _986202 |
| 830 | 0 |
_aSpecial Scientific Report-Wildlife _v; 139 |
|
| 901 | _aBK | ||
| 942 | _cLIBRO | ||
| 949 |
_a799.2484 G4 _bBC _cLIBRO _d33724000268736 _eLIBRO _h15568 _i17100 _mD _si |
||
| 999 |
_c12057 _d12057 |
||